Women Freedom Fighters of India/ (Record no. 176148)

MARC details
000 -LEADER
fixed length control field 00570nam a22001817a 4500
005 - DATE AND TIME OF LATEST TRANSACTION
control field 20201119131740.0
010 ## - LCCN (DPL NO)
LC control number ENG-128591
020 ## - INTERNATIONAL STANDARD BOOK NUMBER
International Standard Book Number 978-93-81234-85-3
Terms of availability 495.00
035 ## - SYSTEM CONTROL NUMBER
System control number EN-112123
037 ## - SOURCE OF ACQUISITION
Source of stock number/acquisition DBAD/PUB
082 ## - DEWEY DECIMAL CLASSIFICATION NUMBER
Classification number 920
100 ## - MAIN ENTRY--PERSONAL NAME
Personal name Yadav, Sanjay
245 ## - TITLE STATEMENT
Title Women Freedom Fighters of India/
Statement of responsibility, etc Sanjay Yadav
260 ## - PUBLICATION, DISTRIBUTION, ETC. (IMPRINT)
Place of publication, distribution, etc Delhi
Name of publisher, distributor, etc Ankit Publications
Date of publication, distribution, etc 2019
270 ## - ADDRESS
City Delhi
Postal code 110009
Electronic mail address ankitpublications@gmail.com
Address R-69, 3rd Floor, Model Town-3, Delhi
Telephone number 9891553405
300 ## - PHYSICAL DESCRIPTION
Extent 163p.
Dimensions 23cm(pbk)
Other physical details Ill.
942 ## - ADDED ENTRY ELEMENTS (KOHA)
Source of classification or shelving scheme Dewey Decimal Classification
Item type English Books
Classification part 920
Call number suffix YAD
Holdings
Withdrawn status Lost status Not for loan Collection code Home library Current library Date acquired Source of acquisition Cost, normal purchase price Full call number Barcode Copy number Cost, replacement price Koha item type
      Non-fiction Central Library Central Library 19/11/2020 DBAD/PUB 495.00 920 YAD EN-112123 1 495.00 English Books

© Delhi Public Library
Hit Counter
free hit counter